[Event "Tournoi francophone 018H"]
[Site "Skype"]
[Date "????.??.??"]
[Round "1.1"]
[White "Esformes, Jacques"]
[Black "Wildt, Gerti"]
[Result "0-1"]
[WhiteElo "1073"]
[BlackElo "1000"]
[PlyCount "68"]

1. c4 c5 2. Nc3 Nc6 3. e3 d6 4. d4 e6 5. Nf3 Nf6 6. a3 g6 7. Bd3 cxd4 8. exd4
Bg7 9. h3 O-O 10. Be3 a6 11. Qc2 d5 12. b3 Ne4 13. Bxe4 dxe4 14. Qxe4 f5 15.
Qd3 f4 16. Bd2 e5 17. d5 Bf5 18. Qe2 Nd4 19. Nxd4 exd4 20. Na4 Re8 21. Be3 fxe3
22. O-O d3 23. Qxe3 Rxe3 24. fxe3 Bxa1 25. Rxa1 Qf6 26. Rf1 Re8 27. d6 Rxe3 28.
d7 Qd8 29. Kf2 Re2+ 30. Kg3 Qxd7 31. Nc3 Re3+ 32. Kf4 Qd4+ 33. Kg5 Rg3+ 34. Kh6
Qg7# 0-1

[Event "Tournoi francophone 018H"]
[Site "Skype"]
[Date "????.??.??"]
[Round "1.2"]
[White "Schnell, Nicolas"]
[Black "Soubrier, Laure"]
[Result "1-0"]
[WhiteElo "1043"]
[BlackElo "1000"]
[PlyCount "31"]

1. e4 e5 2. Nf3 Nc6 3. Bc4 Bc5 4. O-O Nf6 5. Nc3 O-O 6. Ng5 h6 7. Nf3 d6 8. d3
Re8 9. Bxh6 gxh6 10. Qd2 Ng4 11. h3 Nb4 12. hxg4 Bxg4 13. Rac1 Kf8 14. Qxh6+
Ke7 15. Qg7 Rg8 16. Qxf7# 1-0

[Event "Tournoi francophone 018H"]
[Site "Skype"]
[Date "????.??.??"]
[Round "1.3"]
[White "Gagnon, Sindy"]
[Black "Pilon, Sabrina"]
[Result "0-1"]
[WhiteElo "1000"]
[BlackElo "1000"]
[PlyCount "60"]

1. e4 c5 2. c3 d6 3. d4 cxd4 4. cxd4 Nf6 5. Nd2 g6 6. Bd3 Bg7 7. Ngf3 O-O 8. e5
dxe5 9. Nxe5 Qxd4 10. Qe2 Nh5 11. Nb3 Qd6 12. Nc4 Qd7 13. h3 Nc6 14. Qe3 a5 15.
Bd2 b6 16. Nxb6 Qa7 17. Nxa8 Qxa8 18. Qc5 Nf4 19. Bxf4 Bxb2 20. Rd1 a4 21. Nd4
Nxd4 22. Qxe7 Qxg2 23. Rh2 Nf3+ 24. Ke2 Nxh2 25. Be5 Qxh3 26. Qf6 Bxe5 27. Qe7
Bg4+ 28. f3 Bxf3+ 29. Ke1 Bc3+ 30. Kf2 Bxd1 0-1

[Event "Tournoi francophone 018H"]
[Site "Skype"]
[Date "????.??.??"]
[Round "1.4"]
[White "Dida, Brahim"]
[Black "Radice, Marco"]
[Result "0-1"]
[WhiteElo "1000"]
[BlackElo "1034"]
[PlyCount "52"]

1. d4 Nf6 2. Nf3 g6 3. Bf4 Bg7 4. Nc3 O-O 5. Nb5 d6 6. c4 Nbd7 7. Qc2 a6 8. Nc3
Rb8 9. g3 b5 10. cxb5 axb5 11. b4 Nb6 12. Qd3 Nbd5 13. Nxb5 Nxf4 14. gxf4 Bd7
15. Na7 Nd5 16. e4 Nxb4 17. Qc4 c5 18. e5 cxd4 19. Rb1 Qa5 20. Nb5 Nxa2+ 21.
Nd2 Bxb5 22. Rxb5 Rxb5 23. Qxb5 Qxb5 24. Bxb5 Rc8 25. Ke2 Nc3+ 26. Kf3 Nxb5 0-1

[Event "Tournoi francophone 018H"]
[Site "Skype"]
[Date "????.??.??"]
[Round "1.5"]
[White "Trapletti, Cosetta"]
[Black "Cassano, Mariangela"]
[Result "1-0"]
[WhiteElo "1163"]
[BlackElo "1000"]
[PlyCount "83"]

1. d4 d5 2. Bf4 Nf6 3. e3 e6 4. c4 dxc4 5. Bxc4 Nbd7 6. Nc3 Bd6 7. Bxd6 cxd6 8.
Nf3 O-O 9. O-O b6 10. d5 exd5 11. Nxd5 b5 12. Bxb5 a6 13. Bd3 Nc5 14. Bc4 Nxd5
15. Bxd5 Bb7 16. Bc4 Qf6 17. Re1 Rfe8 18. e4 Re6 19. Bxe6 Nxe6 20. Rc1 Ng5 21.
Re3 Rd8 22. Rc7 Ba8 23. b3 Qb2 24. Qe1 Qxa2 25. b4 Qa4 26. Nxg5 Qxb4 27. e5
dxe5 28. Qxb4 a5 29. Qc5 f6 30. Ne6 Re8 31. Rc8 Bb7 32. Rxe8+ Kf7 33. Qe7+ Kg6
34. Rf3 Bd5 35. Nf8+ Kh6 36. Rh3+ Kg5 37. Qxg7+ Kf5 38. Qg3 Bc6 39. Rc8 Be4 40.
f3 Bd3 41. Re8 e4 42. Qg4# 1-0

[Event "Tournoi francophone 018H"]
[Site "Skype"]
[Date "????.??.??"]
[Round "2.1"]
[White "Wildt, Gerti"]
[Black "Cassano, Mariangela"]
[Result "1-0"]
[WhiteElo "1000"]
[BlackElo "1000"]
[PlyCount "55"]

1. e4 e5 2. Nf3 Nf6 3. Nxe5 Bd6 4. d4 Nxe4 5. Bd3 Nf6 6. O-O Nc6 7. Nxc6 bxc6
8. Re1+ Be7 9. Bg5 O-O 10. Nd2 d5 11. c4 Ba6 12. Nf3 Re8 13. Bxf6 Bxf6 14.
Rxe8+ Qxe8 15. Qc2 g6 16. b3 Kf8 17. Re1 Kg7 18. Rxe8 Rxe8 19. Ne5 Bg5 20. h3
Bf4 21. Qe2 Bxc4 22. bxc4 dxc4 23. Bxc4 Bxe5 24. dxe5 f6 25. e6 Rd8 26. e7 Rd4
27. e8=Q Rxc4 28. Qxc4 1-0

[Event "Tournoi francophone 018H"]
[Site "Skype"]
[Date "????.??.??"]
[Round "2.2"]
[White "Radice, Marco"]
[Black "Trapletti, Cosetta"]
[Result "1-0"]
[WhiteElo "1034"]
[BlackElo "1163"]
[PlyCount "87"]

1. d4 d5 2. Bf4 Bf5 3. e3 e6 4. Nf3 c5 5. c3 Nf6 6. Be2 Nc6 7. O-O Be7 8. Na3
c4 9. Nb5 Rc8 10. Qa4 a6 11. Na7 b5 12. Qxa6 Ra8 13. Qxc6+ Kf8 14. Nxb5 Rc8 15.
Bc7 Qd7 16. Ne5 Qxc6 17. Nxc6 Bd8 18. Bd6+ Be7 19. Nxe7 Re8 20. Nxf5+ Kg8 21.
Ne7+ Kf8 22. Ng6+ Kg8 23. Nxh8 Kxh8 24. a4 Rd8 25. a5 Ra8 26. a6 Ne8 27. a7 h6
28. Nc7 Nxc7 29. Bxc7 Kg8 30. e4 Kf8 31. exd5 exd5 32. Rfe1 Ke8 33. Bg4+ Kf8
34. Bd7 g5 35. Bc6 f5 36. Bxa8 g4 37. Bxd5 Kg7 38. Re6 Kf7 39. Be5 h5 40. Raa6
h4 41. Rab6 h3 42. Rb7+ Kf8 43. Rh6 hxg2 44. Rh8# 1-0

[Event "Tournoi francophone 018H"]
[Site "Skype"]
[Date "????.??.??"]
[Round "2.3"]
[White "Pilon, Sabrina"]
[Black "Dida, Brahim"]
[Result "1-0"]
[WhiteElo "1000"]
[BlackElo "1000"]
[PlyCount "53"]

1. e4 e5 2. Nf3 Nc6 3. d4 d6 4. Bc4 Nf6 5. Nc3 Be7 6. h3 O-O 7. Be3 Nd7 8. Qd2
Nb4 9. O-O-O c6 10. a3 Na6 11. g4 b5 12. Ba2 c5 13. dxe5 dxe5 14. Nxb5 Bb7 15.
Bd5 Bxd5 16. Qxd5 Rb8 17. Qxd7 Qxd7 18. Rxd7 Bf6 19. Nc7 Nxc7 20. Rxc7 Rbc8 21.
Rxc5 Be7 22. Rxc8 Rxc8 23. Nxe5 Bc5 24. Bxc5 Rxc5 25. f4 f6 26. Nd7 Rc7 27. Rd1
1-0

[Event "Tournoi francophone 018H"]
[Site "Skype"]
[Date "????.??.??"]
[Round "2.4"]
[White "Soubrier, Laure"]
[Black "Gagnon, Sindy"]
[Result "1-0"]
[WhiteElo "1000"]
[BlackElo "1000"]
[PlyCount "65"]

1. e4 Nf6 2. d3 d5 3. e5 Nfd7 4. Nf3 Nc6 5. Nc3 Ndxe5 6. Be3 d4 7. Bxd4 Nxd4 8.
Nxe5 f6 9. Nf3 Nf5 10. d4 e5 11. d5 Be7 12. Bc4 Nd6 13. Bd3 g6 14. O-O a6 15.
Qe2 b5 16. Ne4 Bb7 17. c4 Nf7 18. Qe3 f5 19. Neg5 Nxg5 20. Nxe5 Bd6 21. f4 Nf7
22. cxb5 axb5 23. Bxb5+ c6 24. dxc6 Ba6 25. c7+ Qd7 26. Bxd7+ Ke7 27. Rac1 Bc8
28. Nxf7+ Kxf7 29. Rcd1 Bxd7 30. Rxd6 Rae8 31. Rxd7+ Kf6 32. c8=Q Rxc8 33. Qe7#
1-0

[Event "Tournoi francophone 018H"]
[Site "Skype"]
[Date "????.??.??"]
[Round "2.5"]
[White "Esformes, Jacques"]
[Black "Schnell, Nicolas"]
[Result "1-0"]
[WhiteElo "1073"]
[BlackElo "1043"]
[PlyCount "89"]

1. c4 e5 2. Nc3 Bc5 3. e3 Nf6 4. d4 Bb6 5. g3 exd4 6. exd4 Qe7+ 7. Nge2 d6 8.
Bg2 O-O 9. O-O Bg4 10. f3 Bh5 11. Re1 Ng4 12. Nf4 Bxd4+ 13. Qxd4 Qxe1+ 14. Bf1
Re8 15. Nxh5 Kf8 16. fxg4 Nc6 17. Qd2 Qe7 18. Nf4 Ne5 19. Nfd5 Nf3+ 20. Kg2
Ne1+ 21. Kh3 Qe6 22. Nxc7 Qd7 23. Nxa8 h5 24. Be2 Rxa8 25. Qxe1 Re8 26. Qf2 f6
27. Be3 hxg4+ 28. Bxg4 Qe7 29. Re1 Qf7 30. Qf5 g6 31. Qd3 Qh7+ 32. Kg2 Re5 33.
Qxd6+ Kg8 34. Be6+ Kg7 35. Qd7+ Kh8 36. Qe8+ Kg7 37. Qf7+ Kh8 38. Qxf6+ Qg7 39.
Qxe5 Qxe5 40. Bd5 Qh5 41. Bf3 Qf5 42. Bd4+ Kh7 43. Re7+ Kh6 44. Bg7+ Kg5 45.
h4# 1-0

[Event "Tournoi francophone 018H"]
[Site "Skype"]
[Date "????.??.??"]
[Round "3.1"]
[White "Schnell, Nicolas"]
[Black "Wildt, Gerti"]
[Result "1-0"]
[WhiteElo "1043"]
[BlackElo "1000"]
[PlyCount "47"]

1. e4 c6 2. Bc4 e6 3. Nf3 d5 4. exd5 exd5 5. Qe2+ Be7 6. Bb3 Nf6 7. d4 O-O 8.
Qd3 h6 9. c4 Bb4+ 10. Nc3 Re8+ 11. Be3 Bg4 12. Ne5 Qc8 13. Bc2 Bf5 14. Qd2 Ne4
15. Bxe4 dxe4 16. O-O Nd7 17. Qe2 Nxe5 18. Qh5 Nf3+ 19. gxf3 Re7 20. Kh1 exf3
21. Ne4 Bxe4 22. Rg1 Qf5 23. Qxh6 Kf8 24. Qh8# 1-0

[Event "Tournoi francophone 018H"]
[Site "Skype"]
[Date "????.??.??"]
[Round "3.2"]
[White "Gagnon, Sindy"]
[Black "Esformes, Jacques"]
[Result "0-1"]
[WhiteElo "1000"]
[BlackElo "1073"]
[PlyCount "74"]

1. e4 e5 2. Bc4 Nf6 3. Nc3 c6 4. Nge2 b5 5. Bb3 Bb4 6. Ng3 g6 7. d3 d6 8. a3
Bxc3+ 9. bxc3 d5 10. Qd2 Be6 11. Qh6 Ke7 12. O-O Qf8 13. Qg5 Nbd7 14. f4 h6 15.
Qh4 Qg7 16. fxe5 Nxe5 17. a4 h5 18. Ba3+ Ke8 19. axb5 g5 20. Qxg5 Qxg5 21. bxc6
Nxc6 22. Ba4 Rc8 23. c4 Bd7 24. Rfe1 Qd2 25. Rf1 Qxd3 26. Rxf6 Qc3 27. Rb1 Qxf6
28. exd5 Nd4 29. Ne4 Qa6 30. Nc5 Qxc4 31. Bxd7+ Kd8 32. Nb7+ Kxd7 33. d6 Rb8
34. Nc5+ Kc8 35. d7+ Kc7 36. Na6+ Qxa6 37. Be7 Rxb1+ 0-1

[Event "Tournoi francophone 018H"]
[Site "Skype"]
[Date "????.??.??"]
[Round "3.3"]
[White "Dida, Brahim"]
[Black "Soubrier, Laure"]
[Result "1-0"]
[WhiteElo "1000"]
[BlackElo "1000"]
[PlyCount "75"]

1. d4 e6 2. Bf4 Nc6 3. e3 Nf6 4. Nc3 Bb4 5. a3 Bxc3+ 6. bxc3 Ne4 7. c4 Qf6 8.
Ne2 d6 9. Rb1 g5 10. Bg3 O-O 11. d5 Na5 12. Qd3 Nxg3 13. Nxg3 Rb8 14. Nh5 Qf5
15. Qc3 e5 16. Qxa5 Ra8 17. Bd3 Qg4 18. Ng3 f6 19. Qxc7 Qd7 20. Qxd7 Bxd7 21.
Rxb7 Rfd8 22. Ne4 Kg7 23. Nxd6 Kh6 24. Nf7+ Kh5 25. Nxd8 Rxd8 26. Rxa7 f5 27.
O-O e4 28. Be2+ Kh4 29. g3+ Kh3 30. Rb1 g4 31. Rbb7 h5 32. Rxd7 Rxd7 33. Rxd7
h4 34. Rh7 f4 35. exf4 e3 36. a4 exf2+ 37. Kxf2 Kxh2 38. Rxh4# 1-0

[Event "Tournoi francophone 018H"]
[Site "Skype"]
[Date "????.??.??"]
[Round "3.4"]
[White "Trapletti, Cosetta"]
[Black "Pilon, Sabrina"]
[Result "0-1"]
[WhiteElo "1163"]
[BlackElo "1000"]
[PlyCount "106"]

1. d4 Nf6 2. Bf4 g6 3. e3 Bg7 4. Nf3 h6 5. Be2 O-O 6. O-O d5 7. c4 Nbd7 8. c5
Nh5 9. Bg3 f5 10. Nc3 c6 11. Ne5 Nxg3 12. fxg3 Nxe5 13. dxe5 Bxe5 14. g4 e6 15.
Bd3 Qh4 16. g3 Qh3 17. Rf3 Qxg4 18. Be2 f4 19. Kg2 Qg5 20. exf4 Rxf4 21. Kh1
Rxf3 22. Bxf3 Bd7 23. Qe1 Rf8 24. Qf2 Qf6 25. Rf1 Bd4 26. Qe2 e5 27. Bg2 Qe7
28. h4 Qxc5 29. Na4 Rxf1+ 30. Bxf1 Qc1 31. Kg2 c5 32. Qf3 e4 33. Qf4 Qxf4 34.
gxf4 Bxa4 35. b3 Bd7 36. Kg3 e3 37. Kf3 g5 38. fxg5 hxg5 39. hxg5 Kg7 40. Kf4
a6 41. Bd3 Bb5 42. Bf5 e2 43. a4 Be8 44. Be6 e1=Q 45. Bxd5 Qe5+ 46. Kg4 Qxd5
47. Kf4 Bg6 48. Kg4 Qe4+ 49. Kg3 Bh5 50. a5 Qg4+ 51. Kh2 Bg1+ 52. Kh1 Qg3 53.
b4 Bf3# 0-1

[Event "Tournoi francophone 018H"]
[Site "Skype"]
[Date "????.??.??"]
[Round "3.5"]
[White "Cassano, Mariangela"]
[Black "Radice, Marco"]
[Result "0-1"]
[WhiteElo "1000"]
[BlackElo "1034"]
[PlyCount "46"]

1. d4 Nf6 2. Nf3 e6 3. e4 Nxe4 4. Bd3 Nf6 5. Bf4 Nc6 6. c3 b6 7. O-O Bb7 8. b4
Be7 9. Nbd2 O-O 10. Qc2 Re8 11. Rfe1 g6 12. Ne4 Nh5 13. Bg5 Bxg5 14. Nexg5 Nf4
15. Be4 Rb8 16. Nh3 Nxh3+ 17. gxh3 Ne7 18. h4 Nf5 19. Ng5 Nxh4 20. Nf3 Nxf3+
21. Bxf3 Qg5+ 22. Kf1 Bxf3 23. h4 Qg2# 0-1

[Event "Tournoi francophone 018H"]
[Site "Skype"]
[Date "????.??.??"]
[Round "4.1"]
[White "Wildt, Gerti"]
[Black "Radice, Marco"]
[Result "1-0"]
[WhiteElo "1000"]
[BlackElo "1034"]
[PlyCount "87"]

1. c4 Nf6 2. Nc3 g6 3. Nf3 Bg7 4. e4 O-O 5. Be2 d6 6. O-O Nbd7 7. d4 Re8 8. Be3
e5 9. d5 b6 10. Bd3 Nc5 11. Bc2 Ba6 12. b3 b5 13. a4 bxc4 14. b4 Ncd7 15. h3
Rb8 16. b5 Bc8 17. Bxa7 Ra8 18. Be3 Bb7 19. Re1 Re7 20. Qe2 Ne8 21. Qxc4 Nb6
22. Qd3 Bc8 23. a5 Nd7 24. Ng5 Nc5 25. Qe2 c6 26. bxc6 Ba6 27. Bd3 Bxd3 28. Qd2
Nb3 29. Qxd3 Nxa1 30. Rxa1 Rxa5 31. Rb1 Nf6 32. Bb6 Qxb6 33. Rxb6 Ra3 34. Rb8+
Ne8 35. Rb7 Nc7 36. Rb8+ Ne8 37. Qg3 h6 38. Rb7 Nc7 39. Rb8+ Ne8 40. c7 Rxc7
41. Rxe8+ Bf8 42. Ne6 Rcxc3 43. Rxf8+ Kh7 44. Rxf7+ 1-0

[Event "Tournoi francophone 018H"]
[Site "Skype"]
[Date "????.??.??"]
[Round "4.2"]
[White "Pilon, Sabrina"]
[Black "Cassano, Mariangela"]
[Result "1-0"]
[WhiteElo "1000"]
[BlackElo "1000"]
[PlyCount "59"]

1. e4 e5 2. Nf3 Nf6 3. Nc3 Be7 4. Nxe5 Nxe4 5. Nxe4 Bd6 6. Nc4 Be7 7. d4 d5 8.
Bd3 dxe4 9. Bxe4 Nd7 10. Bf4 Nf6 11. Bf3 O-O 12. Qd2 Bd6 13. Nxd6 cxd6 14.
O-O-O Bd7 15. Bxd6 Re8 16. Bxb7 Rb8 17. Bxb8 Qxb8 18. Ba6 Qb6 19. Be2 Ne4 20.
Qf4 Nc3 21. Bc4 Be6 22. Rde1 Qa5 23. a3 Qa4 24. Rxe6 Rxe6 25. Qb8+ Re8 26. Qc7
Qxc4 27. Qxc4 Ne2+ 28. Kd2 Re4 29. Qc8+ Re8 30. Qxe8# 1-0

[Event "Tournoi francophone 018H"]
[Site "Skype"]
[Date "????.??.??"]
[Round "4.3"]
[White "Soubrier, Laure"]
[Black "Trapletti, Cosetta"]
[Result "1-0"]
[WhiteElo "1000"]
[BlackElo "1163"]
[PlyCount "95"]

1. e4 e5 2. Bc4 Bc5 3. Nf3 d6 4. d3 Nc6 5. O-O Nf6 6. Ng5 O-O 7. h3 h6 8. Nf3
Bb4 9. Be3 Nd4 10. Nxd4 exd4 11. Bxd4 c5 12. c3 Ba5 13. Be3 Re8 14. Nd2 Re6 15.
Bb5 Re7 16. Bf4 d5 17. exd5 Qxd5 18. Nf3 Bf5 19. c4 Bxd3 20. cxd5 Bxb5 21. d6
Bxf1 22. dxe7 Re8 23. Bd6 Bc4 24. Ne5 Be6 25. Rc1 b6 26. Nc6 a6 27. Nxa5 bxa5
28. Bxc5 Nd7 29. Bd6 Bxa2 30. Rc6 a4 31. Rxa6 Bc4 32. Rxa4 Be6 33. Qd3 f6 34.
b4 f5 35. g4 f4 36. Qe4 Nf6 37. Qxe6+ Kh8 38. b5 f3 39. Ra3 h5 40. Rxf3 hxg4
41. hxg4 Kh7 42. Rh3+ Kg6 43. f3 Kg5 44. Qf7 Rh8 45. Rxh8 g6 46. e8=Q Nxe8 47.
Qxe8 Kf6 48. Qe7# 1-0

[Event "Tournoi francophone 018H"]
[Site "Skype"]
[Date "????.??.??"]
[Round "4.4"]
[White "Esformes, Jacques"]
[Black "Dida, Brahim"]
[Result "1-0"]
[WhiteElo "1073"]
[BlackElo "1000"]
[PlyCount "63"]

1. d4 d5 2. Bf4 Nf6 3. e3 e6 4. Nf3 Be7 5. c3 O-O 6. h3 Nbd7 7. Nbd2 c5 8. c4
b6 9. Ne5 Nxe5 10. Bxe5 Bb7 11. Bd3 dxc4 12. Bxc4 Bxg2 13. Rh2 Bd5 14. Be2 Rc8
15. Bxf6 Bxf6 16. e4 c4 17. exd5 exd5 18. Nf3 Qd6 19. Rg2 Qb4+ 20. Qd2 Qd6 21.
Rc1 Qd7 22. Rh2 Be7 23. b3 a5 24. Ne5 Qd6 25. Bg4 f6 26. Bxc8 fxe5 27. Bg4 exd4
28. Rh1 c3 29. Qd3 Qe5+ 30. Qe2 Qf4 31. Be6+ Rf7 32. Bxf7+ 1-0

[Event "Tournoi francophone 018H"]
[Site "Skype"]
[Date "????.??.??"]
[Round "4.5"]
[White "Schnell, Nicolas"]
[Black "Gagnon, Sindy"]
[Result "1-0"]
[WhiteElo "1043"]
[BlackElo "1000"]
[PlyCount "35"]

1. e4 c6 2. Bc4 d5 3. Bd3 e6 4. e5 Nd7 5. Nf3 f6 6. Nh4 Nxe5 7. Qh5+ g6 8. Nxg6
Nxg6 9. b3 N8e7 10. Bb2 Bg7 11. O-O O-O 12. c4 Nf4 13. Bxh7+ Kh8 14. Qh4 Nfg6
15. Qh5 dxc4 16. bxc4 Ne5 17. Bg6+ Kg8 18. Qh7# 1-0

[Event "Tournoi francophone 018H"]
[Site "Skype"]
[Date "????.??.??"]
[Round "5.1"]
[White "Gagnon, Sindy"]
[Black "Wildt, Gerti"]
[Result "0-1"]
[WhiteElo "1000"]
[BlackElo "1000"]
[PlyCount "46"]

1. e4 e5 2. c3 Nf6 3. d3 Be7 4. Nd2 d6 5. Ngf3 O-O 6. d4 Nc6 7. Bd3 exd4 8.
cxd4 d5 9. b3 dxe4 10. Nxe4 Nxd4 11. Bb2 Nxe4 12. Bxd4 Bb4+ 13. Nd2 Qxd4 14.
O-O Nxd2 15. Qh5 Qxd3 16. Rfe1 Bd7 17. a3 Bd6 18. b4 Rae8 19. Rec1 Nb3 20. Rd1
Qc3 21. Rab1 Nd2 22. Rbc1 Qd4 23. Qe2 Rxe2 0-1

[Event "Tournoi francophone 018H"]
[Site "Skype"]
[Date "????.??.??"]
[Round "5.2"]
[White "Dida, Brahim"]
[Black "Schnell, Nicolas"]
[Result "0-1"]
[WhiteElo "1000"]
[BlackElo "1043"]
[PlyCount "98"]

1. d4 Nf6 2. Bf4 Nc6 3. Nc3 d5 4. Nb5 e5 5. dxe5 Ng4 6. e6 Bb4+ 7. c3 Bxe6 8.
Nxc7+ Kd7 9. Nxa8 Bc5 10. h3 Qh4 11. g3 Qh5 12. Nc7 Bxf2+ 13. Kd2 Bf5 14. Nxd5
Nce5 15. Qa4+ Nc6 16. Nf3 Be4 17. Bg2 Qxd5+ 18. Kc1 Ne3 19. Ne5+ Ke7 20. Bxe4
Qe6 21. Rh2 Qd6 22. Qa3 Nb4 23. Qxb4 Rd8 24. Qxd6+ Rxd6 25. Bg5+ f6 26. Bxe3
Bxe3+ 27. Kc2 Rd2+ 28. Kb3 fxe5 29. Rf1 Rd6 30. Bxb7 a5 31. a4 Rb6+ 32. Kc4
Rxb7 33. b4 Rc7+ 34. Kb3 Rb7 35. g4 Bc5 36. Rf4 exf4 37. Kc4 Kd6 38. Rh1 axb4
39. Rd1+ Kc6 40. Rd5 Be7 41. Rb5 Ra7 42. a5 bxc3 43. Rb6+ Kd7 44. a6 c2 45.
Rb7+ Kd6 46. Rxa7 c1=Q+ 47. Kb4 Ke6+ 48. Kb5 Qc5+ 49. Ka4 Qb4# 0-1

[Event "Tournoi francophone 018H"]
[Site "Skype"]
[Date "????.??.??"]
[Round "5.3"]
[White "Trapletti, Cosetta"]
[Black "Esformes, Jacques"]
[Result "0-1"]
[WhiteElo "1163"]
[BlackElo "1073"]
[PlyCount "114"]

1. d4 g6 2. Bf4 d6 3. e3 Nf6 4. c4 Nc6 5. Nc3 Nh5 6. Bg3 Nxg3 7. hxg3 a6 8. a3
e5 9. Nf3 exd4 10. exd4 Qe7+ 11. Be2 b6 12. Nd5 Qd8 13. Qd2 Be6 14. Ng5 Be7 15.
Nxh7 Rb8 16. Rb1 Bf5 17. Rc1 Na7 18. Qc2 Bxc2 19. Rxc2 a5 20. c5 dxc5 21. dxc5
Bxc5 22. Bf3 Nb5 23. a4 Nd4 24. Rc3 c6 25. Ndf6+ Qxf6 26. Nxf6+ Ke7 27. Nh7 Kd6
28. Bd1 Bb4 29. Kd2 Bxc3+ 30. Kxc3 c5 31. b3 b5 32. f4 b4+ 33. Kc4 Rbc8 34. g4
Rce8 35. Rh6 Re1 36. Bf3 Rc1+ 37. Kd3 Nxb3 38. f5 Rc3+ 39. Ke4 Re8+ 40. Kf4
Rc4+ 41. Kg5 Nd2 42. Kh4 Nxf3+ 43. gxf3 Kc6 44. fxg6 fxg6 45. Rxg6+ Kb7 46.
Rg7+ Kb8 47. Nf6 Rh8+ 48. Kg5 b3 49. Nd7+ Kc8 50. Re7 b2 51. Re1 Kxd7 52. f4
Rc1 53. Rxc1 bxc1=Q 54. Kf5 Rf8+ 55. Kg6 Qxf4 56. g5 Rg8+ 57. Kh6 Qh4# 0-1

[Event "Tournoi francophone 018H"]
[Site "Skype"]
[Date "????.??.??"]
[Round "5.4"]
[White "Cassano, Mariangela"]
[Black "Soubrier, Laure"]
[Result "0-1"]
[WhiteElo "1000"]
[BlackElo "1000"]
[PlyCount "68"]

1. d4 e6 2. Nf3 d6 3. e4 Nf6 4. Bd3 Be7 5. O-O O-O 6. c3 Qd7 7. c4 Nc6 8. Nc3
Nb4 9. Be2 b6 10. d5 exd5 11. cxd5 a6 12. b3 Bb7 13. Ba3 a5 14. Bb2 c6 15. a4
cxd5 16. exd5 Nh5 17. Nd4 Bf6 18. Bxh5 Qe7 19. Nf5 Qe5 20. Ng3 g6 21. Be2 h5
22. Re1 h4 23. Nf1 Rac8 24. Rc1 Kg7 25. Nb1 Bg5 26. Nbd2 Qxb2 27. Qc2 Nxc2 28.
Rb1 Qd4 29. Red1 Bxd5 30. Nf3 Bxf3 31. Bxf3 Qc5 32. Nd2 Bxd2 33. Rxd2 Rce8 34.
Bd1 Re1# 0-1

[Event "Tournoi francophone 018H"]
[Site "Skype"]
[Date "????.??.??"]
[Round "5.5"]
[White "Radice, Marco"]
[Black "Pilon, Sabrina"]
[Result "0-1"]
[WhiteElo "1034"]
[BlackElo "1000"]
[PlyCount "72"]

1. d4 Nf6 2. Bf4 g6 3. Nf3 Bg7 4. e3 O-O 5. Be2 h6 6. c4 d6 7. Nc3 Nbd7 8. O-O
Re8 9. h3 Nh5 10. Bh2 e5 11. Bd3 f5 12. e4 exd4 13. Nd5 fxe4 14. Bc2 d3 15. Bb3
Nc5 16. Nd2 c6 17. Nf4 Nxf4 18. Bxf4 g5 19. Be3 Bxb2 20. Rb1 Bc3 21. Bxc5 dxc5
22. Ba4 Bxd2 23. Qxd2 Rf8 24. Qe3 Qd4 25. Qxd4 cxd4 26. c5 b5 27. Bb3+ Kh7 28.
Rfe1 Bf5 29. Bd1 Rf6 30. Rb4 Raf8 31. Rxd4 g4 32. Bxg4 Bxg4 33. hxg4 Rxf2 34.
Rd7+ Kg6 35. Rd6+ Kg5 36. Rd5+ cxd5 0-1

[Event "Tournoi francophone 018H"]
[Site "Skype"]
[Date "????.??.??"]
[Round "6.1"]
[White "Wildt, Gerti"]
[Black "Pilon, Sabrina"]
[Result "0-1"]
[WhiteElo "1000"]
[BlackElo "1000"]
[PlyCount "57"]

1. Nf3 Nf6 2. c4 g6 3. Nc3 Bg7 4. g3 O-O 5. Bg2 d6 6. O-O Nbd7 7. d3 h6 8. e4
e5 9. Nd2 Nh5 10. g4 Nf4 11. Qf3 Nc5 12. Nd5 Ncxd3 13. Nxf4 Nxf4 14. Bh1 Qh4
15. Nb3 Bxg4 16. Qg3 Ne2+ 17. Kg2 Nxg3 18. hxg3 Qh5 19. f3 Bh3+ 20. Kf2 Bxf1
21. Kxf1 Qxh1+ 22. Ke2 Qg2+ 23. Ke3 Qxg3 24. Nd2 f5 25. Nf1 Qe1+ 26. Kd3 Qxf1+
27. Kc3 Qxf3+ 28. Kc2 fxe4 29. Bd2 0-1

[Event "Tournoi francophone 018H"]
[Site "Skype"]
[Date "????.??.??"]
[Round "6.2"]
[White "Soubrier, Laure"]
[Black "Radice, Marco"]
[Result "0-1"]
[WhiteElo "1000"]
[BlackElo "1034"]
[PlyCount "62"]

1. e4 c5 2. Bc4 d6 3. Bb5+ Nd7 4. Nf3 g6 5. e5 Bg7 6. Nc3 a6 7. Bd3 Nxe5 8. Nd5
Nxd3+ 9. cxd3 Nf6 10. Nxf6+ Bxf6 11. Qb3 Bf5 12. Ke2 O-O 13. h4 Qd7 14. Qc4
Rac8 15. a4 e5 16. h5 d5 17. Qb3 e4 18. dxe4 Bxe4 19. hxg6 fxg6 20. d3 c4 21.
dxc4 dxc4 22. Qe3 Rce8 23. Nd2 Bd3+ 24. Kf3 Rxe3+ 25. Kxe3 Qe7+ 26. Kf4 Bxb2+
27. Kg3 Bxa1 28. Rh6 Qg5+ 29. Kh2 Qxh6+ 30. Kg1 Be5 31. Ba3 Qh2# 0-1

[Event "Tournoi francophone 018H"]
[Site "Skype"]
[Date "????.??.??"]
[Round "6.3"]
[White "Esformes, Jacques"]
[Black "Cassano, Mariangela"]
[Result "1-0"]
[WhiteElo "1073"]
[BlackElo "1000"]
[PlyCount "69"]

1. e4 e5 2. Nf3 Be7 3. Nxe5 d6 4. Nf3 Nf6 5. Nc3 d5 6. e5 Nfd7 7. Nxd5 Bc5 8.
b4 Bb6 9. d4 O-O 10. Bc4 c6 11. Nf4 Bc7 12. Qd3 Nb6 13. Bb3 Re8 14. O-O Be6 15.
c4 Qd7 16. Nh4 g6 17. Nf3 Bd6 18. exd6 Qxd6 19. d5 cxd5 20. cxd5 Nxd5 21. Bxd5
Nd7 22. Bxe6 Qxd3 23. Nxd3 Rxe6 24. Be3 Nf6 25. Nc5 Rc6 26. b5 Rb6 27. a4 Rd6
28. Rad1 Nd5 29. Bf4 Nxf4 30. Rxd6 Kg7 31. Rfd1 Rd8 32. Rxd8 Ne6 33. Nxe6+ fxe6
34. R1d7+ Kh6 35. g4 1-0

[Event "Tournoi francophone 018H"]
[Site "Skype"]
[Date "????.??.??"]
[Round "6.4"]
[White "Schnell, Nicolas"]
[Black "Trapletti, Cosetta"]
[Result "1-0"]
[WhiteElo "1043"]
[BlackElo "1163"]
[PlyCount "21"]

1. e4 e5 2. Bc4 Bc5 3. Qf3 f6 4. Qd1 Ne7 5. Qh5+ Ng6 6. Nf3 d6 7. Nh4 Bd7 8.
Nxg6 Rg8 9. Nxe5+ g6 10. Qxh7 Bg4 11. Qf7# 1-0

[Event "Tournoi francophone 018H"]
[Site "Skype"]
[Date "????.??.??"]
[Round "6.5"]
[White "Gagnon, Sindy"]
[Black "Dida, Brahim"]
[Result "1-0"]
[WhiteElo "1000"]
[BlackElo "1000"]
[PlyCount "37"]

1. e4 e5 2. Nc3 Nc6 3. Bc4 d6 4. Nge2 Nf6 5. d3 Be7 6. Be3 Na5 7. d4 exd4 8.
Bxd4 Nxc4 9. Rb1 Nd5 10. exd5 Bg5 11. Bxg7 Bd2+ 12. Kf1 Qg5 13. Bxh8 Bf5 14.
Ng3 Be3 15. Kg1 Nd2 16. Rc1 Be4 17. Ngxe4 Nxe4 18. Nxe4 Bxc1 19. Nxg5 1-0

[Event "Tournoi francophone 018H"]
[Site "Skype"]
[Date "????.??.??"]
[Round "7.1"]
[White "Dida, Brahim"]
[Black "Wildt, Gerti"]
[Result "0-1"]
[WhiteElo "1000"]
[BlackElo "1000"]
[PlyCount "51"]

1. d4 Nf6 2. Bf4 e6 3. Nc3 d6 4. g3 Be7 5. Bg2 O-O 6. e3 Nh5 7. Nb5 Nxf4 8.
gxf4 c6 9. Qd3 h6 10. Nf3 cxb5 11. Qxb5 Bd7 12. Qxb7 Nc6 13. Nd2 Rb8 14. Qa6 d5
15. e4 Rb6 16. Qd3 Nb4 17. Qc3 f5 18. e5 Qc8 19. Qxc8 Rxc8 20. c3 Nc2+ 21. Ke2
Nxa1 22. Rxa1 Rxb2 23. Kd1 Rxc3 24. Bf3 Rcc2 25. h4 Rxd2+ 26. Kc1 0-1

[Event "Tournoi francophone 018H"]
[Site "Skype"]
[Date "????.??.??"]
[Round "7.2"]
[White "Trapletti, Cosetta"]
[Black "Gagnon, Sindy"]
[Result "1-0"]
[WhiteElo "1163"]
[BlackElo "1000"]
[PlyCount "63"]

1. d4 Nc6 2. Nf3 g6 3. Bf4 Bg7 4. e3 d6 5. c4 d5 6. Nc3 dxc4 7. Bxc4 e6 8. O-O
Nf6 9. a3 O-O 10. Rc1 Bd7 11. d5 Na5 12. d6 Nxc4 13. dxc7 Qe7 14. a4 Nxb2 15.
Qd4 Nxa4 16. Nxa4 g5 17. Bd6 Qe8 18. Bxf8 Bxf8 19. Qxf6 Be7 20. Qd4 Bf6 21.
Qxf6 Bxa4 22. Qxg5+ Kf8 23. Nh4 Bb5 24. Rfd1 f6 25. Qxf6+ Kg8 26. Rd4 Bc6 27.
Rcd1 Rc8 28. Rd8 Rxc7 29. Rxe8+ Bxe8 30. Qxe6+ Bf7 31. Rd8+ Kg7 32. Nf5# 1-0